000
00253nam a22001217a 4500
003
SGT
082
_a
621.382,KHA
100
_a
KHARE RA
245
_a
FIBER OPTOCS AND OPTO ELECTRONICS
260
_b
OXFORD
_c
2006
300
_a
400
942
_2
ddc
_c
GF BOOKS
999
_c
34419
_d
34419